Escuela superior de comercio : un siglo de trayectoria educativa /

Guardado en:
Autor Principal: Cernadas de Bulnes, Mabel N.
Otros Autores: Ciarniello, Nicolas, Stacco, Miriam, Marcilese, José, Tedesco, Marcelo
Formato: Libro
Publicado: Bahía Blanca : Universidad Nacional del Sur
Materias:
Etiquetas: Agregar Etiqueta
Sin Etiquetas, Sea el primero en etiquetar este registro!
LEADER 00780nam a22002415a 4500
001 CEM.cems011286
005 20071024153738.0
008 130507b######################000#0#####d
003 CEMS
020 |a 9874360623 
082 0 4 |a 373.9821 
100 1 |a Cernadas de Bulnes, Mabel N. 
245 1 0 |a Escuela superior de comercio :  |b un siglo de trayectoria educativa /  |c Mabel Cernadas de Bulnes ... [et A.] 
260 |a Bahía Blanca :  |b Universidad Nacional del Sur 
300 |a 147 p. 
653 |a Educación 
653 |a Bahía blanca-educación 
653 |a Escuela superior de comercio 
700 1 |a Ciarniello, Nicolas 
700 1 |a Stacco, Miriam 
700 1 |a Marcilese, José 
700 1 |a Tedesco, Marcelo 
859 |a CEMS  |b BIB. CEMS - 11 de abril  |h 373.9821  |i C335  |p 22207.03  |t Ej.1